Physiological and morphological characteristics of Hevea rootstocks in response to water stress (Record no. 64978)

MARC details
000 -LEADER
fixed length control field 00519nam a2200133Ia 4500
100 ## - MAIN ENTRY--AUTHOR NAME
Personal name Ahmad B
245 #0 - TITLE STATEMENT
Title Physiological and morphological characteristics of Hevea rootstocks in response to water stress
260 ## - PUBLICATION, DISTRIBUTION, ETC. (IMPRINT)
Name of publisher Proceedings : Indonesian Rubber Conference and IRRDB symposiun 2000 Indonesian Rubber Research Institute, Bogor, Indonesia, 12-14 September 2000.V.II. pp.533-555.
650 ## - SUBJECT ADDED ENTRY--TOPICAL TERM
Topical Term Hevea
650 ## - SUBJECT ADDED ENTRY--TOPICAL TERM
Topical Term Rootstock
650 ## - SUBJECT ADDED ENTRY--TOPICAL TERM
Topical Term Water stress
942 ## - ADDED ENTRY ELEMENTS (KOHA)
Koha item type Journals
Holdings
Withdrawn status Lost status Damaged status Not for loan Home library Current library Shelving location Date acquired Koha item type
      Journals RRII Library RRII Library Physiology 01/01/2021 Journals